Ethno-musicology
| Autor Corporativo: | |
|---|---|
| Formato: | Electrónico Revista |
| Lenguaje: | inglés |
| Publicado: |
[Place of publication not identified] :
[publisher not identified],
1953-
Middletown, Conn. : Wesleyan University Press, for the Society for Ethnomusicology Ann Arbor, Mich., etc. : Society for Ethnomusicology Champaign, Ill. : University of Illinois Press |
| Materias: | |
| Acceso en línea: | Full text available from Research Library: 10/01/1997 to 10/31/2001 |
MARC
| LEADER | 00000nas a2200000 a 4500 | ||
|---|---|---|---|
| 001 | ssj0001428 | ||
| 003 | WaSeSS | ||
| 005 | 20200512172242.0 | ||
| 006 | m d | ||
| 007 | cr n | ||
| 008 | 031008c19539999ilutr p s bo 0 a0eng c | ||
| 010 | |a 2004235635 | ||
| 016 | 7 | |a 2066302-X |2 DE-600 | |
| 022 | |a 2156-7417 |y 0014-1836 | ||
| 035 | |a (WaSeSS)ssj0001428 | ||
| 040 | |a EYM |b eng |c EYM |d HLS |d OCLCQ |d VRC |d DLC |d OCLCQ |d OCLCF |d OCLCO |d INU |d DLC |d OCLCO |d CUI |d OCLCQ |d OCLCE |d FJM |d OCLCO |d OCLCQ |d DEBBG |d OCLCA |d GILDS |d OCLCO |d VT2 |d NJT |d WaSeSS | ||
| 042 | |a pcc |a nsdp | ||
| 050 | 1 | 4 | |a ML1 |
| 082 | 1 | 0 | |a 781.7 |2 14 |
| 130 | 0 | |a Ethno-musicology (Champaign, Ill. : Online) | |
| 222 | 0 | |a Ethno musicology |b (Champaign, Ill. : Online) | |
| 245 | 1 | 0 | |a Ethno-musicology |h [electronic resource]. |
| 246 | 3 | |a Ethnomusicology | |
| 260 | |a [Place of publication not identified] : |b [publisher not identified], |c 1953- | ||
| 260 | 2 | |3 Jan. 1956-Sept. 1971 : |a Middletown, Conn. : |b Wesleyan University Press, for the Society for Ethnomusicology | |
| 260 | 2 | |3 Jan. 1972-autumn 1996 : |a Ann Arbor, Mich., etc. : |b Society for Ethnomusicology | |
| 260 | 3 | |3 winter 1997- : |a Champaign, Ill. : |b University of Illinois Press | |
| 310 | |a 3 no. a year, |b Jan. 1956- | ||
| 321 | |a Irregular, |b Dec. 1953-Sept. 1955 | ||
| 362 | 0 | |a [Vol. 1], no. 1 (Dec. 1953)- | |
| 500 | |a Place of publication varies. | ||
| 500 | |a Title from title screen (JSTOR, viewed Oct. 8, 2003). | ||
| 506 | |a License restrictions may limit access. | ||
| 515 | |a Issues for Dec. 1953-Sept. 1957 called no. 1-11, but constitute v. 1. | ||
| 550 | |a Published for the Society of Ethnomusicology, Jan. 1964-May 1972, winter 1992- | ||
| 588 | |a Latest issue consulted: Vol. 54, no. 3, fall 2010 (www.press.uillinois.edu website, viewed Mar. 23, 2011). | ||
| 650 | 0 | |a Ethnomusicology |v Periodicals. | |
| 650 | 6 | |a Ethnomusicologie |v Périodiques. | |
| 650 | 6 | |a Musique |v Périodiques. | |
| 650 | 6 | |a Musicologie |v Périodiques. | |
| 650 | 7 | |a Ethnomusicology. |2 fast |0 (OCoLC)fst00916186 | |
| 650 | 1 | 7 | |a Etnomusicologie. |2 gtt |
| 655 | 0 | |a Electronic journals. | |
| 710 | 2 | |a Society for Ethnomusicology. | |
| 776 | 0 | 8 | |i Print version: |t Ethno-musicology |x 0014-1836 |w (DLC) 56012963 |w (OCoLC)4184139 |
| 856 | 4 | 0 | |z Full text available from Research Library: 10/01/1997 to 10/31/2001 |u https://search.proquest.com/publication/48784 |